000 00645nam a2200241Ia 4500
003 OSt
005 20220928113034.0
006 a|||||r|||| 00| 0
007 ta
008 220927b |||||||| |||| 00| 0 eng d
024 _a63934
037 _cTextual
040 _aSDCL
_cSDCL
_beng
041 _2eng
_aeng
082 _a2:51N3, K0
100 _aRanganathan S.R.
245 0 _aColon Classification
250 _a6th
260 _aBangalore
_bSarada Ranganathan Endowment For Library Science
_c1960
300 _aVarious Pagenation
_ccm.
942 _h2:51N3, K0
_cTEXL
_2CC
999 _c747808
_d747808